000 00544nam a2200157 a 4500
008 120416s1977 ||||||||||||||||| || u
050 _aHF 5549 Pig
100 _aPigors, Paul John William
245 1 0 _aPersonnel administration
246 _aa point of view and method
250 _a8th ed.
260 _aNew York
_bMcGraw-Hill
_c1977
300 _axii, 546p. : ill.
350 _a0.00
995 _D0.00
_FCBU-MAIN LIBRARY (Kitwe)
_H1
_I0.00
_UAVAILABLE
_ZMain Library Open Access Collection
999 _c53398
_d53398